Estudio comparativo entre las propiedades del mortero de cemento convencional y el mortero de cemento con aditivo RMIX111 de resistencia a compresión mínima de 2000 PSI al emplearlo en los paneles Covintec.
Presenta un estudio comparativo entre las propiedades del mortero de cemento convencional y el mortero de cemento con aditivo RMIX111 de resistencia a compresión mínima de 2000 PSI al emplearlo en los paneles Covintec, se determinaron las propiedades físicas y mecánicas del agregado a emplear en...
| Main Authors: | , |
|---|---|
| Other Authors: | |
| Format: | Tesis Section = Libro |
| Language: | Undetermined Spanish |
| Published: |
Managua
UNI
2015
|
| Subjects: |
| LEADER | 01373nam a2200265Ia 4500 | ||
|---|---|---|---|
| 008 | 240830s9999 xx 000 0 und d | ||
| 040 | |a BIBLIOTECA-RUPAP Mon 624.1833 Z25 | ||
| 041 | |a spa | ||
| 082 | |a Mon 624.1833 Z25 | ||
| 100 | 1 | |a Zamora Torrez, Marilyn Michelle | |
| 100 | 1 | |b Méndez Bonilla, Ramón Alejandro | |
| 245 | 1 | 0 | |a Estudio comparativo entre las propiedades del mortero de cemento convencional y el mortero de cemento con aditivo RMIX111 de resistencia a compresión mínima de 2000 PSI al emplearlo en los paneles Covintec. |
| 260 | |a Managua |b UNI |c 2015 | ||
| 300 | |a 52 p. :il. | ||
| 500 | |a Contiene: anexos e Incluye: CD. | ||
| 502 | |a Tesis (Ingeniero Civil)- UNI, 2015. | ||
| 520 | 3 | |a Presenta un estudio comparativo entre las propiedades del mortero de cemento convencional y el mortero de cemento con aditivo RMIX111 de resistencia a compresión mínima de 2000 PSI al emplearlo en los paneles Covintec, se determinaron las propiedades físicas y mecánicas del agregado a emplear en una mezcla de mortero de cemento fresco, se estableció la variación de fraguado entre las mezclas de cemento con aditivo y sin aditivo. | |
| 650 | 7 | |a MORTERO DE CEMENTO | |
| 650 | 7 | |b CEMENTO HIDRAULICO | |
| 650 | 7 | |c MEZCLA DE MORTERO | |
| 650 | 7 | |d ARENA | |
| 700 | 1 | |a Tutor: |b Morales Urbina, Israel | |
| 942 | |c BK |2 ddc | ||
| 991 | |a TESIS | ||
| 999 | |c 15897 | ||